BIO-SECURITY MEASURES TO PREVENT AVIN INFLUENZEA AND OTHER POULTRY DISEASES A GUIDE FOR COMMERCIAL & SEMI-COMMERCIAL FARMS (Record no. 22149)

000 -LEADER
fixed length control field 00444nam a22001457a 4500
003 - CONTROL NUMBER IDENTIFIER
control field LRUA
005 - DATE AND TIME OF LATEST TRANSACTION
control field 20231107214735.0
008 - FIXED-LENGTH DATA ELEMENTS--GENERAL INFORMATION
fixed length control field 231107b xxu||||| |||| 00| 0 eng d
040 ## - CATALOGING SOURCE
Transcribing agency DLC
082 ## - DEWEY DECIMAL CLASSIFICATION NUMBER
Edition number FAO BIO 2009 C011 Or.
100 ## - MAIN ENTRY--PERSONAL NAME
9 (RLIN) 16091
Personal name JUNE
245 ## - TITLE STATEMENT
Title BIO-SECURITY MEASURES TO PREVENT AVIN INFLUENZEA AND OTHER POULTRY DISEASES A GUIDE FOR COMMERCIAL & SEMI-COMMERCIAL FARMS
260 ## - PUBLICATION, DISTRIBUTION, ETC. (IMPRINT)
Place of publication, distribution, etc. Phnom Penh
Name of publisher, distributor, etc. FAO
Date of publication, distribution, etc. 2009
942 ## - ADDED ENTRY ELEMENTS (KOHA)
Source of classification or shelving scheme
Koha item type ADB
Holdings
Price effective from Date last seen Permanent Location Not for loan Date acquired Source of classification or shelving scheme Koha item type Barcode Lost status Damaged status Shelving location Withdrawn status Current Location Full call number
2023-11-072023-11-07Library Block C 2023-11-07 ADBa073633  C011 Library Block CFAO BIO 2009 C011 Or.
មជ្ឈមណ្ឌលឯការនៃសាកលវិទ្យាល័យភូមិន្ទកសិកម្មចំការដូង

Powered by Koha